00484 a2200181 450000100060000002000150000604000240002110000210004524000270006624500220009330000070011536200090012244000120013165000310014394200070017495201040018199900170028569450 a8516035433 cAnchieta - Itaigara aCarrasco, Walcyr10aO menino narigudolpor10aO menino narigudo a800 a2005 1aModerna 4aLiteratura infanto-juvenil cBK 00104070a88.1b88.1d2023-11-21l0o028.5 CAR MENp1794/ITAr2023-11-21 20:04:01w2023-11-21yBK c69450d69450